[Event "DMP - III LIGA SZACHOWA SENIOROW PK 2016"]
[Site "Czudec"]
[Date "2016.??.??"]
[Round "2.26"]
[White "Sygulski, Pawel"]
[Black "Lach, Dariusz"]
[Result "1/2-1/2"]
[WhiteElo "2182"]
[BlackElo "1795"]
[Annotator "Szachy"]
[PlyCount "109"]
[EventDate "2016.??.??"]

1. d4 {[%emt 0:00:00]} d5 {[%emt 0:00:00]} 2. Nf3 {[%emt 0:00:03]} Nf6 {[%emt
0:00:00]} 3. g3 g6 4. Bg2 Bg7 5. O-O O-O 6. b3 c6 7. Bb2 Bf5 8. Nbd2 Ne4 9. Nh4
Nxd2 10. Qxd2 Qd7 11. Nxf5 Qxf5 12. Rac1 Qd7 13. c4 e6 14. Rfd1 Na6 15. e3 Rfc8
16. e4 Nc7 17. Qf4 Ne8 18. exd5 exd5 19. cxd5 cxd5 20. Ba3 Rc6 21. Rxc6 bxc6
22. Re1 Bf8 23. Bxf8 Kxf8 24. h4 Ng7 25. Kh2 Re8 26. Bh3 Qd8 27. Rxe8+ Nxe8 28.
Kg2 Qe7 29. Bg4 h5 30. Bf3 Nd6 31. Qc1 Qd7 32. Qc5 f5 33. b4 Kf7 34. a4 Ne4 35.
Bxe4 fxe4 36. b5 cxb5 37. axb5 Kg7 38. Kf1 Qf7 39. Ke1 Qd7 40. Kd2 Qf7 41. Ke1
Qd7 42. Qc6 Qf7 43. Qd6 Kh7 44. Qe5 Qd7 45. Qb8 Qf7 46. Qc8 Kg7 47. g4 hxg4 48.
Qxg4 Kh7 49. Qg5 Kh8 50. Qe5+ Kh7 51. Qg5 Kh8 52. Qe3 Kh7 53. Kd2 Qd7 54. Qa3
Qxb5 55. Qxa7+ 1/2-1/2

[Event "DMP - III LIGA SZACHOWA SENIOROW PK 2016"]
[Site "Czudec"]
[Date "2016.??.??"]
[Round "2.28"]
[White "Gawiec, Konrad"]
[Black "Lach, Mateusz"]
[Result "1-0"]
[WhiteElo "1987"]
[BlackElo "1426"]
[Annotator "Szachy"]
[PlyCount "126"]
[EventDate "2016.??.??"]

1. Nf3 {[%emt 0:00:00]} e6 {[%emt 0:00:00]} 2. g3 {[%emt 0:00:00]} d5 3. Bg2 c5
4. O-O Nf6 5. d4 Nc6 6. b3 cxd4 7. Nxd4 Be7 8. Bb2 O-O 9. Nd2 Nxd4 10. Bxd4 Nd7
11. c4 Bf6 12. Bxf6 Nxf6 13. e4 dxe4 14. Nxe4 Qe7 15. Qd6 Qxd6 16. Nxd6 Rb8 17.
c5 Ne8 18. Rac1 Nc7 19. Rfd1 Na6 20. a3 Nc7 21. b4 a6 22. Rd3 g6 23. Rcd1 Kg7
24. a4 Kf6 25. f4 h5 26. Nc4 Nd5 27. Bxd5 exd5 28. Rxd5 Be6 29. Rd6 Ke7 30. Nb6
Rfd8 31. Kf2 Bg4 32. R1d3 Rh8 33. h4 Rhd8 34. Ke3 Bf5 35. Rd2 Be6 36. Ke4 Bf5+
37. Ke5 f6+ 38. Kd5 Be6+ 39. Ke4 Bf5+ 40. Ke3 Re8 41. Kf2 Kf7 42. Nd5 Be6 43.
Nc7 Re7 44. Nxe6 Rxe6 45. Rxe6 Kxe6 46. Rd6+ Ke7 47. Ke3 Rc8 48. Kd4 Rb8 49.
Kc4 Kf7 50. Rb6 Rc8 51. Rxb7+ Ke6 52. Rb6+ Kf5 53. Rxa6 Kg4 54. Rxf6 Kxg3 55.
Rxg6+ Kxh4 56. b5 Kh3 57. b6 h4 58. b7 Rf8 59. c6 Kh2 60. c7 h3 61. c8=Q Rxf4+
62. Kb5 Rf3 63. b8=Q+ Kh1 1-0